[Event "Tournament 14459 - Europe Echecs"]
[Site "Europe Echecs"]
[Date "2020.07.07"]
[Round "7"]
[Time "17:22:51"]
[PlyCount "120"]
[White "ZadoyanGurgen"]
[Black "YastrebovAndre"]
[WhiteElo "1256"]
[BlackElo "1370"]
[Mode "WEB"]
[Result "1-0"]

1. e4 c5 2. Nf3 d6 3. d4 cxd4 4. Nxd4 Nf6 5. Nc3 g6 6. Bc4 Bg7 7. O-O O-O 8. Be3
Ng4 9. h3 Nxe3 10. fxe3 Qb6 11. Qd2 Nc6 12. Nxc6 bxc6 13. Rab1 e6 14. Qxd6 Qxe3+
15. Kh1 Bb7 16. Rbe1 Qb6 17. Na4 Qd8 18. Qxd8 Rfxd8 19. Rd1 Bd4 20. c3 Bb6 21.
b4 a5 22. Nxb6 Rab8 23. bxa5 c5 24. Nd7 Ra8 25. a6 Bc6 26. Nxc5 Kg7 27. a4 Rdc8
28. Nd3 Bxe4 29. Bb5 Rxc3 30. Ne5 Rc7 31. Rc1 Re7 32. Nc6 Rc7 33. Ne5 Re7 34.
Rcd1 Raa7 35. Rde1 Bd5 36. Rd1 Rec7 37. Rc1 Re7 38. Nc6 Bxc6 39. Rxc6 e5 40. Rb6
e4 41. Bc6 e3 42. Rb7 Rc7 43. Re1 Kf6 44. Rxe3 h5 45. Rxc7 Rxc7 46. Bb7 Rc1+ 47.
Kh2 Rc5 48. a7 Ra5 49. a8=Q Rxa8 50. Bxa8 Kg7 51. a5 Kf6 52. a6 Kg7 53. a7 Kf6
54. Bb7 Kg7 55. a8=Q g5 56. Qe8 g4 57. hxg4 h4 58. Re7 h3 59. Qxf7+ Kh6 60. Qf6# {YastrebovAndre est échec et mat} 1-0

[Event "Tournament 14459 - Europe Echecs"]
[Site "Europe Echecs"]
[Date "2020.07.07"]
[Round "7"]
[Time "17:22:51"]
[PlyCount "127"]
[White "BronnyGermain"]
[Black "LetellierLouis"]
[WhiteElo "1354"]
[BlackElo "1203"]
[Mode "WEB"]
[Result "0-1"]

1. d4 d5 2. c4 Nf6 3. Nc3 e6 4. cxd5 exd5 5. Bg5 Be7 6. Nf3 h6 7. Bf4 c5 8. dxc5
Bxc5 9. e3 Nc6 10. Bb5 Bd7 11. O-O O-O 12. Ne2 Bg4 13. Nc1 Bd6 14. Bxd6 Qxd6 15.
h3 Bh5 16. Be2 Ne5 17. Nxe5 Bxe2 18. Nxe2 Qxe5 19. Qb3 b6 20. Rfd1 Rac8 21. Nf4
Rfd8 22. Rd4 Rd7 23. Rad1 Rcd8 24. a4 g5 25. Nd3 Qf5 26. Nb4 Qe6 27. Qa2 a5 28.
Nc2 Qf5 29. b4 Ne4 30. Ne1 Nc3 31. Qb2 Nxd1 32. Rxd1 Qe4 33. Rd4 Qe7 34. b5 Rc7
35. Nc2 Rc4 36. Rd2 Rdc8 37. Nd4 Qb4 38. Qxb4 Rxb4 39. Ra2 Rcc4 40. Nc6 Rxa4 41.
Rd2 Rc5 42. Na7 Rac4 43. Kh2 Rc2 44. Rxc2 Rxc2 45. f3 a4 46. Nc6 a3 47. Nb4 Rb2
48. Nd3 Rd2 49. Nb4 a2 50. Nxa2 Rxa2 51. Kg3 Rb2 52. f4 Rxb5 53. fxg5 hxg5 54.
Kf3 Rc5 55. e4 dxe4+ 56. Kxe4 Rc8 57. h4 gxh4 58. Kf4 b5 59. g3 b4 60. gxh4 b3
61. h5 b2 62. Kg5 b1=Q 63. Kh6 Qc1# {BronnyGermain est échec et mat} 0-1

[Event "Tournament 14459 - Europe Echecs"]
[Site "Europe Echecs"]
[Date "2020.07.07"]
[Round "7"]
[Time "17:22:51"]
[PlyCount "102"]
[White "NeelLaura"]
[Black "CastagnerolCer"]
[WhiteElo "799"]
[BlackElo "1332"]
[Mode "WEB"]
[Result "1/2-1/2"]

1. e4 e5 2. Nf3 Nc6 3. d4 exd4 4. Nxd4 d6 5. Nc3 Nf6 6. Bf4 Be7 7. Bb5 Bd7 8.
O-O Nxd4 9. Bxd7+ Qxd7 10. Qxd4 O-O 11. Rad1 Rfe8 12. e5 dxe5 13. Bxe5 Qxd4 14.
Rxd4 Bc5 15. Bxf6 gxf6 16. Rg4+ Kh8 17. Ne4 Be7 18. Rf4 Kg7 19. Rg4+ Kh8 20. Rf4
Kg7 21. Ng3 Bd6 22. Rg4+ Kh8 23. Rc1 Bxg3 24. Rxg3 Re2 25. Kf1 Rae8 26. Rd3 R2e7
27. Rcd1 Kg7 28. Rd7 Rxd7 29. Rxd7 Rc8 30. Ke2 Kf8 31. Kd3 Ke8 32. Rd4 Rd8 33.
Rxd8+ Kxd8 34. Ke4 Ke7 35. Kf5 c6 36. Kg4 Kf8 37. Kh5 Kg7 38. g3 c5 39. c4 a6
40. a4 b6 41. b3 a5 42. f4 Kf8 43. Kh6 Kg8 44. g4 Kh8 45. h4 f5 46. g5 Kg8 47.
h5 Kh8 48. g6 f6 49. gxh7 b5 50. Kg6 bxa4 51. bxa4 {Nulle par pat} 1/2-1/2

[Event "Tournament 14459 - Europe Echecs"]
[Site "Europe Echecs"]
[Date "2020.07.07"]
[Round "7"]
[Time "17:22:51"]
[PlyCount "98"]
[White "AllardNedellec"]
[Black "PonLeBrunGrego"]
[WhiteElo "1292"]
[BlackElo "1145"]
[Mode "WEB"]
[Result "1-0"]

1. e4 e5 2. Nf3 Nc6 3. Nc3 Nf6 4. Bb5 Bc5 5. O-O d6 6. d3 Be6 7. Be3 Bb6 8. Bxb6
cxb6 9. d4 Qc7 10. d5 Bd7 11. dxc6 bxc6 12. Bc4 b5 13. Bb3 a5 14. a3 a4 15. Ba2
c5 16. Nd5 Nxd5 17. Qxd5 Rb8 18. Qxf7+ Kd8 19. Qxg7 Re8 20. Qxh7 Qc6 21. Bd5 Qb6
22. Qh4+ Kc7 23. Qg5 Bc6 24. Qe3 Bxd5 25. exd5 Rg8 26. Ng5 Rg6 27. Ne6+ Kd7 28.
g3 Rh8 29. Qf3 Kc8 30. Qf5 Rgh6 31. Ng5+ Kb8 32. Nf7 Rf8 33. Nxh6 Rxf5 34. Nxf5
Qb7 35. Nxd6 Qxd5 36. Nxb5 Kb7 37. Rad1 Qc4 38. Nd6+ Kc6 39. Nxc4 Kb5 40. Nxe5
Ka5 41. c4 Kb6 42. Rd7 Ka5 43. Rb7 Ka6 44. Rb5 Ka7 45. Rd1 Ka6 46. Rd6+ Ka7 47.
Nc6+ Ka6 48. Nb8+ Ka7 49. Ra6# {PonLeBrunGrego est échec et mat} 1-0

[Event "Tournament 14459 - Europe Echecs"]
[Site "Europe Echecs"]
[Date "2020.07.07"]
[Round "7"]
[Time "17:22:51"]
[PlyCount "70"]
[White "MimouneKenzi"]
[Black "FischlerInes"]
[WhiteElo "1266"]
[BlackElo "1129"]
[Mode "WEB"]
[Result "1-0"]

1. e4 e5 2. Nf3 Nc6 3. Bc4 Bc5 4. O-O Nf6 5. d3 d6 6. h3 h6 7. Nc3 O-O 8. Be3
Be6 9. Bb3 Bb6 10. Qd2 Qe7 11. Nd5 Qd8 12. Bxh6 Bxd5 13. exd5 Ne7 14. Bg5 Nh7
15. Be3 Nf6 16. c4 Nf5 17. a4 Nd4 18. Nxd4 Bxd4 19. Bxd4 exd4 20. Qf4 c5 21.
dxc6 bxc6 22. Qxd4 c5 23. Qe3 Re8 24. Qd2 Rb8 25. Ba2 Rb4 26. b3 Qd7 27. d4 Ne4
28. Qd3 cxd4 29. Qxd4 a5 30. Rfe1 Nf6 31. Rxe8+ Qxe8 32. Qxd6 Qe6 33. Qxe6 fxe6
34. Re1 Kf7 35. Re5 {FischlerInes a abandonné} 1-0

[Event "Tournament 14459 - Europe Echecs"]
[Site "Europe Echecs"]
[Date "2020.07.07"]
[Round "7"]
[Time "17:22:51"]
[PlyCount "64"]
[White "NouvelJehan"]
[Black "AuribaultLouis"]
[WhiteElo "1104"]
[BlackElo "1618"]
[Mode "WEB"]
[Result "1-0"]

1. e4 e5 2. Nf3 Nc6 3. Bc4 Bc5 4. Nc3 Nf6 5. d3 d6 6. Be3 Bb6 7. h3 h6 8. Qd2
Bd7 9. O-O Qe7 10. a4 Bxe3 11. Qxe3 O-O-O 12. Bb5 Kb8 13. Bxc6 Bxc6 14. b4 g5
15. b5 Bd7 16. a5 g4 17. hxg4 Nxg4 18. Qe2 Rdg8 19. b6 cxb6 20. axb6 a6 21. Nd5
Qd8 22. Nc7 Nf6 23. Rfb1 h5 24. Nxa6+ bxa6 25. Rxa6 Bc6 26. Qd2 Qc8 27. Qa5 Qb7
28. Ra7 Qc8 29. b7 Rxg2+ 30. Kxg2 Qg4+ 31. Kf1 Qxf3 32. Ra8# {AuribaultLouis est échec et mat} 1-0

[Event "Tournament 14459 - Europe Echecs"]
[Site "Europe Echecs"]
[Date "2020.07.07"]
[Round "7"]
[Time "17:22:51"]
[PlyCount "142"]
[White "VijaySoukreev"]
[Black "QuenehenNassim"]
[WhiteElo "1204"]
[BlackElo "1322"]
[Mode "WEB"]
[Result "1-0"]

1. d4 d5 2. Nf3 c5 3. c3 e6 4. Bf4 Bd6 5. Bg3 Nf6 6. e3 Nc6 7. Bd3 Bxg3 8. hxg3
Qb6 9. Qb3 Qxb3 10. axb3 cxd4 11. exd4 O-O 12. Ne5 h6 13. Nxc6 bxc6 14. b4 Bd7
15. Nd2 Rfe8 16. O-O e5 17. dxe5 Rxe5 18. Rfe1 Rxe1+ 19. Rxe1 Re8 20. Rxe8+ Nxe8
21. Nf3 f6 22. Bg6 Nd6 23. Nd4 Kf8 24. b3 Nb5 25. Nxb5 cxb5 26. Bd3 Ke7 27. Kf1
Kd6 28. Ke2 Ke5 29. Ke3 Be6 30. f4+ Kd6 31. Bxb5 g5 32. fxg5 hxg5 33. Kd4 Bg4
34. c4 dxc4 35. bxc4 Bd1 36. c5+ Kc7 37. Kd5 Bb3+ 38. Bc4 Bc2 39. b5 Bd1 40. Ke6
g4 41. Kxf6 Bc2 42. Bd5 Bd1 43. Kg5 Be2 44. b6+ axb6 45. cxb6+ Kxb6 46. Be6 Kc5
47. Bxg4 Bf1 48. Bf3 Kd6 49. Kf6 Kd7 50. g4 Ke8 51. Kg7 Ke7 52. g5 Ke8 53. g6
Ke7 54. Kh8 Kf6 55. g7 Bc4 56. g8=Q Bxg8 57. Kxg8 Kg5 58. Kg7 Kf4 59. Kg6 Kg3
60. Kf5 Kh4 61. g4 Kg3 62. g5 Kh4 63. g6 Kg3 64. g7 Kxf3 65. g8=Q Ke2 66. Qd8
Ke1 67. Qd3 Kf2 68. Kf4 Ke1 69. Qc2 Kf1 70. Kf3 Ke1 71. Qe2# {QuenehenNassim est échec et mat} 1-0

[Event "Tournament 14459 - Europe Echecs"]
[Site "Europe Echecs"]
[Date "2020.07.07"]
[Round "7"]
[Time "17:22:51"]
[PlyCount "74"]
[White "BornhofenValen"]
[Black "SurCortierColi"]
[WhiteElo "1258"]
[BlackElo "1128"]
[Mode "WEB"]
[Result "1-0"]

1. e4 e5 2. Nf3 Nc6 3. Nc3 Nf6 4. d4 exd4 5. Nxd4 Bb4 6. Nxc6 bxc6 7. Bd3 O-O 8.
O-O d5 9. exd5 cxd5 10. h3 Re8 11. Qf3 Bb7 12. Bg5 Be7 13. Rad1 Rb8 14. Rfe1 d4
15. Qe2 dxc3 16. Bxh7+ Kxh7 17. Rxd8 Rbxd8 18. bxc3 Bd6 19. Qf1 Ba6 20. Rxe8
Rxe8 21. Qd1 Rd8 22. Qf3 Re8 23. g3 Re6 24. Bf4 Bxf4 25. Qxf4 Rc6 26. Qd4 Bc8
27. Kh2 Ra6 28. Qc4 Kg8 29. Qxc7 Be6 30. Qd8+ Kh7 31. Qd3+ Kg8 32. Qxa6 Ne4 33.
Qxa7 Nxc3 34. Qb8+ Kh7 35. a3 Nd5 36. a4 Bd7 37. a5 {SurCortierColi a perdu au temps} 1-0

[Event "Tournament 14459 - Europe Echecs"]
[Site "Europe Echecs"]
[Date "2020.07.07"]
[Round "7"]
[Time "17:22:51"]
[PlyCount "174"]
[White "BonelliMaestra"]
[Black "TureshbayevAno"]
[WhiteElo "1545"]
[BlackElo "799"]
[Mode "WEB"]
[Result "1-0"]

1. e4 e5 2. Nf3 Nc6 3. Bb5 a6 4. Ba4 d6 5. c3 Nf6 6. O-O Be7 7. Re1 O-O 8. Bc2
Bg4 9. d3 d5 10. exd5 Nxd5 11. h3 Bh5 12. c4 Nf6 13. Nc3 Nd4 14. Be3 Nxf3+ 15.
gxf3 Ne8 16. Nd5 Nf6 17. Nxf6+ Bxf6 18. Kh1 Bg5 19. Rg1 Bxe3 20. fxe3 Qf6 21.
Rg3 Rad8 22. Qe2 Qh4 23. Rag1 g6 24. Kh2 Rd6 25. e4 Rf6 26. Bd1 Qf4 27. Qg2 Rd8
28. Be2 Rdd6 29. Kh1 Rb6 30. b3 a5 31. Rf1 a4 32. Bd1 axb3 33. Bxb3 Rbd6 34. Bc2
Ra6 35. a4 Rab6 36. Bd1 Rb1 37. Kh2 Rxd1 38. Rxd1 Bxf3 39. Rf1 Bxg2 40. Rxf4
Rxf4 41. Kxg2 Kg7 42. Re3 Kf6 43. Re2 Ke6 44. Rb2 b6 45. Rb5 Kd6 46. Rd5+ Ke6
47. Rb5 Kd6 48. a5 bxa5 49. Rxa5 Kc6 50. Rxe5 Kd6 51. Ra5 c5 52. Ra6+ Kc7 53.
Ra7+ Kb6 54. Re7 Rf6 55. Rd7 Kc6 56. Ra7 Rd6 57. Rxf7 Rxd3 58. e5 Re3 59. Rxh7
Rxe5 60. Rh6 Rg5+ 61. Kf3 Kd6 62. Kf4 Rg1 63. h4 Ke6 64. h5 Kf7 65. hxg6+ Kg7
66. Rh5 Rxg6 67. Rxc5 Rf6+ 68. Ke4 Re6+ 69. Kd5 Rf6 70. Rc7+ Kf8 71. c5 Ke8 72.
Rh7 Kd8 73. Kc4 Rf8 74. Kb5 Kc8 75. Kb6 Rf6+ 76. c6 Rf8 77. Ra7 Kb8 78. c7+ Kc8
79. Ra8+ Kd7 80. Rxf8 Ke6 81. c8=Q+ Kd5 82. Qc6+ Kd4 83. Rd8+ Ke3 84. Qe6+ Kf3
85. Rf8+ Kg3 86. Qg6+ Kh3 87. Rh8# {TureshbayevAno est échec et mat} 1-0

[Event "Tournament 14459 - Europe Echecs"]
[Site "Europe Echecs"]
[Date "2020.07.07"]
[Round "7"]
[Time "17:22:51"]
[PlyCount "65"]
[White "DupratNathanie"]
[Black "KouamNoe"]
[WhiteElo "1172"]
[BlackElo "1462"]
[Mode "WEB"]
[Result "0-1"]

1. e4 d6 2. d4 Nf6 3. Nc3 g6 4. Bb5+ c6 5. Bc4 Bg7 6. Bg5 O-O 7. Bxf6 Bxf6 8.
Nf3 Bg4 9. e5 Bxf3 10. Qxf3 dxe5 11. dxe5 Bxe5 12. Rd1 Qa5 13. O-O Bxc3 14. bxc3
Qc5 15. Bb3 Na6 16. Qe3 Rfe8 17. Rd4 e5 18. Rd7 Qxe3 19. fxe3 Nc5 20. Rdxf7 Nxb3
21. axb3 Rad8 22. h3 Rd2 23. R7f2 Red8 24. Kh2 b5 25. e4 a5 26. b4 a4 27. Rf7
Rxc2 28. R1f3 Rdd2 29. Rf8+ Kg7 30. R3f7+ Kh6 31. Kg3 Rxg2+ 32. Kh4 g5# {DupratNathanie est échec et mat} 0-1

[Event "Tournament 14459 - Europe Echecs"]
[Site "Europe Echecs"]
[Date "2020.07.07"]
[Round "7"]
[Time "17:22:51"]
[PlyCount "51"]
[White "AboulasseSaad"]
[Black "VerdierAnais"]
[WhiteElo "1448"]
[BlackElo "1159"]
[Mode "WEB"]
[Result "0-1"]

1. d4 Nf6 2. c4 e6 3. Nc3 Bb4 4. Bg5 d5 5. e3 b6 6. Nf3 Nbd7 7. cxd5 exd5 8. Bb5
O-O 9. Bc6 Rb8 10. Bxd5 h6 11. Bxf6 Nxf6 12. Bb3 Ne4 13. Rc1 Bb7 14. O-O Nxc3
15. bxc3 Ba3 16. Rb1 Qf6 17. Ne5 Qg5 18. f3 Qxe3+ 19. Kh1 Rbd8 20. Nxf7 Rxf7 21.
Bxf7+ Kxf7 22. Qb3+ Bd5 23. Qxa3 a5 24. Rbe1 Qg5 25. f4 Qxg2# {AboulasseSaad est échec et mat} 0-1

[Event "Tournament 14459 - Europe Echecs"]
[Site "Europe Echecs"]
[Date "2020.07.07"]
[Round "7"]
[Time "17:22:51"]
[PlyCount "36"]
[White "CerclierLeo"]
[Black "CotterchioJade"]
[WhiteElo "1420"]
[BlackElo "1130"]
[Mode "WEB"]
[Result "1-0"]

1. e4 e5 2. Nf3 Nc6 3. Bc4 Bc5 4. c3 d6 5. d4 exd4 6. cxd4 Bb4+ 7. Bd2 Bxd2+ 8.
Nbxd2 d5 9. exd5 Nb4 10. O-O Nxd5 11. Re1+ Nge7 12. Ne5 O-O 13. Qf3 Nc6 14. Bxd5
Nxe5 15. Rxe5 Re8 16. Qxf7+ Kh8 17. Rxe8+ Qxe8 18. Qxe8# {CotterchioJade est échec et mat} 1-0

[Event "Tournament 14459 - Europe Echecs"]
[Site "Europe Echecs"]
[Date "2020.07.07"]
[Round "7"]
[Time "17:22:51"]
[PlyCount "116"]
[White "BarbaggiSasha"]
[Black "LimouzinSwann"]
[WhiteElo "1375"]
[BlackElo "1117"]
[Mode "WEB"]
[Result "1-0"]

1. e4 e5 2. Nc3 Nf6 3. g3 Nc6 4. Bg2 Bc5 5. Nge2 d6 6. O-O Bg4 7. d3 O-O 8. h3
Bh5 9. Kh2 h6 10. f4 exf4 11. Bxf4 Nd4 12. e5 Bxe2 13. Nxe2 dxe5 14. Bxe5 Nxe2
15. Bxf6 gxf6 16. Qxe2 c6 17. Qf3 Be7 18. Qh5 Kg7 19. Rf4 f5 20. Qxf5 f6 21. Be4
Kf7 22. Re1 Ke8 23. Qe6 Qd7 24. Bg6+ Kd8 25. Rfe4 Qxe6 26. Rxe6 Kc7 27. Rxe7+
Kb6 28. Re8 Rg8 29. Rxa8 Rxa8 30. Re8 Rxe8 31. Bxe8 Kc7 32. Kg2 Kd6 33. Kf3 Ke5
34. Kg4 f5+ 35. Kf3 Kd4 36. Bd7 Ke5 37. d4+ Kf6 38. Kf4 b5 39. Bxf5 Ke7 40. h4
Kd6 41. g4 Kd5 42. g5 hxg5+ 43. hxg5 Kxd4 44. g6 c5 45. g7 c4 46. g8=Q c3 47.
Qd8+ Kc5 48. Ke5 cxb2 49. Qd5+ Kb6 50. c4 bxc4 51. Qxc4 b1=Q 52. Bxb1 a5 53. a4
Kb7 54. Qc5 Kb8 55. Qe7 Kc8 56. Kd6 Kb8 57. Kc6 Ka8 58. Qb7# {LimouzinSwann est échec et mat} 1-0

[Event "Tournament 14459 - Europe Echecs"]
[Site "Europe Echecs"]
[Date "2020.07.07"]
[Round "7"]
[Time "17:22:51"]
[PlyCount "36"]
[White "SayahHobonNoah"]
[Black "CleranLorene"]
[WhiteElo "1364"]
[BlackElo "1086"]
[Mode "WEB"]
[Result "1-0"]

1. e4 e5 2. Nf3 Nc6 3. Bc4 Bc5 4. d3 Nf6 5. Bg5 d6 6. Nc3 Bg4 7. h3 Bh5 8. g4
Bg6 9. Nd5 h6 10. Nxf6+ gxf6 11. Bh4 O-O 12. Qd2 Bb4 13. c3 Bc5 14. Qxh6 Ne7 15.
Bxf6 Bxf2+ 16. Kxf2 Nf5 17. Qxg6+ Ng7 18. Qxg7# {CleranLorene est échec et mat} 1-0

[Event "Tournament 14459 - Europe Echecs"]
[Site "Europe Echecs"]
[Date "2020.07.07"]
[Round "7"]
[Time "17:22:51"]
[PlyCount "85"]
[White "GalimovIskanda"]
[Black "MigusEthan"]
[WhiteElo "1358"]
[BlackElo "1084"]
[Mode "WEB"]
[Result "0-1"]

1. e4 d5 2. exd5 Nf6 3. Nc3 Nxd5 4. Nf3 Nxc3 5. bxc3 Nc6 6. Bc4 Bg4 7. Bxf7+
Kxf7 8. Ng5+ Ke8 9. Qxg4 Qd6 10. O-O g6 11. Qf3 Qf6 12. Qxf6 exf6 13. Ne6 Bd6
14. Re1 Kd7 15. Nd4 Rhe8 16. Bb2 Re7 17. Rxe7+ Bxe7 18. Re1 Bc5 19. Ne6 Bd6 20.
Nd4 Bc5 21. Nxc6 Kxc6 22. Re6+ Kd5 23. Rxf6 Re8 24. g3 Re2 25. Rf7 Kd6 26. d4
Bb6 27. Ba3+ Kc6 28. Rxh7 Rxc2 29. Rh6 Rxc3 30. Rxg6+ Kb5 31. Bb2 Rc2 32. Rg5+
Ka6 33. Ba3 Rxa2 34. Bc5 Ba5 35. h4 b5 36. h5 b4 37. h6 b3 38. h7 b2 39. h8=Q
b1=Q+ 40. Kg2 Qe4+ 41. Kg1 Ra1+ 42. Kh2 Qh1# {GalimovIskanda est échec et mat} 0-1

[Event "Tournament 14459 - Europe Echecs"]
[Site "Europe Echecs"]
[Date "2020.07.07"]
[Round "7"]
[Time "17:22:51"]
[PlyCount "138"]
[White "DeGouyEdgar"]
[Black "DavoustNicolas"]
[WhiteElo "1155"]
[BlackElo "1300"]
[Mode "WEB"]
[Result "1-0"]

1. d4 d5 2. c4 c6 3. Nc3 Nf6 4. Nf3 dxc4 5. e4 b5 6. a4 a6 7. axb5 cxb5 8. Nxb5
Nxe4 9. Bxc4 Bd7 10. Qe2 Bc6 11. d5 Bxb5 12. Bxb5+ Nd7 13. Bxd7+ Qxd7 14. Qxe4
Rc8 15. O-O Qc7 16. Rxa6 f5 17. Qxf5 Qxc1 18. h3 Qc7 19. Ne5 g6 20. Qf7+ Kd8 21.
Rc6 Qxe5 22. Rxc8+ Kxc8 23. Rc1+ Kd7 24. Rd1 Qf6 25. Qxf6 exf6 26. b3 Be7 27.
Rd4 Rb8 28. Rd3 Bd6 29. Kf1 Re8 30. Rd4 Bc5 31. Rd3 Bb4 32. g3 Re1+ 33. Kg2 Kd6
34. Rf3 f5 35. Rd3 Re2 36. Kf3 Rb2 37. Kf4 Rxf2+ 38. Kg5 Bd2+ 39. Kf6 f4 40. g4
f3 41. Kg7 h6 42. Kxg6 Re2 43. Rxf3 Kxd5 44. h4 Re6+ 45. Kf7 Rb6 46. Rd3+ Ke5
47. Rxd2 Rxb3 48. Kg6 Rb6+ 49. Kh7 Kf4 50. Rg2 Rb7+ 51. Kxh6 Rb6+ 52. Kg7 Rb7+
53. Kf6 Rb6+ 54. Ke7 Rb7+ 55. Kd6 Rb6+ 56. Kc5 Rg6 57. h5 Rg8 58. h6 Kg5 59. Rh2
Kxg4 60. Rg2+ Kh5 61. Rxg8 Kxh6 62. Kd6 Kh5 63. Ke5 Kh6 64. Kf5 Kh7 65. Rg6 Kh8
66. Kf6 Kh7 67. Rg3 Kh8 68. Kf7 Kh7 69. Rh3# {DavoustNicolas est échec et mat} 1-0

[Event "Tournament 14459 - Europe Echecs"]
[Site "Europe Echecs"]
[Date "2020.07.07"]
[Round "7"]
[Time "17:22:51"]
[PlyCount "117"]
[White "TurchiMatteo"]
[Black "LuxOceane"]
[WhiteElo "1129"]
[BlackElo "1273"]
[Mode "WEB"]
[Result "0-1"]

1. e4 e5 2. Nf3 Nc6 3. Bc4 Bc5 4. Nc3 Nf6 5. d3 O-O 6. Bg5 Be7 7. O-O d6 8. h3
Be6 9. Bxf6 Bxf6 10. Bxe6 fxe6 11. d4 exd4 12. Ne2 e5 13. Nd2 Nb4 14. f4 exf4
15. Rxf4 d3 16. cxd3 Nxd3 17. Rf3 Ne5 18. Rf1 Nd3 19. Qb3+ Rf7 20. Qxd3 c6 21.
Nc4 d5 22. Rad1 dxc4 23. Qxd8+ Rxd8 24. Rxd8+ Bxd8 25. Rxf7 Kxf7 26. Kf2 Bf6 27.
Nc3 Bd4+ 28. Ke2 b5 29. Nd1 a5 30. Kd2 a4 31. Kc2 Ke6 32. Nc3 Ke5 33. Nd1 Kxe4
34. Nc3+ Bxc3 35. Kxc3 Ke3 36. Kb4 Kf2 37. Kc5 Kxg2 38. Kxc6 Kxh3 39. Kxb5 g5
40. Kxc4 g4 41. b3 axb3 42. axb3 g3 43. b4 g2 44. b5 g1=Q 45. Kd5 Qg5+ 46. Kc6
Qe5 47. b6 Qe6+ 48. Kb7 h5 49. Ka7 Qe3 50. Kb7 Kg4 51. Kc7 Qxb6+ 52. Kxb6 h4 53.
Kc5 h3 54. Kd4 h2 55. Ke3 h1=Q 56. Kf2 Qh2+ 57. Kf1 Kf3 58. Ke1 Qe2# {TurchiMatteo est échec et mat} 0-1

[Event "Tournament 14459 - Europe Echecs"]
[Site "Europe Echecs"]
[Date "2020.07.07"]
[Round "7"]
[Time "17:22:51"]
[PlyCount "132"]
[White "HammRodrigue"]
[Black "MenceEline"]
[WhiteElo "1109"]
[BlackElo "1264"]
[Mode "WEB"]
[Result "1-0"]

1. e4 d5 2. exd5 Nf6 3. Nc3 Nxd5 4. Nf3 Nxc3 5. bxc3 Bg4 6. Bb5+ c6 7. Bc4 e6 8.
O-O Bd6 9. h3 Bxf3 10. Qxf3 Nd7 11. Bd3 Nb6 12. Qe4 Bc7 13. f4 Qe7 14. f5 exf5
15. Qxf5 Qd7 16. Qxd7+ Nxd7 17. Ba3 O-O-O 18. Rxf7 Bb6+ 19. Kh1 g6 20. Re1 Rdf8
21. Bxf8 Rxf8 22. Rxf8+ Nxf8 23. Re8+ Kd7 24. Rxf8 Ke7 25. Rh8 Bf2 26. Rxh7+ Kd6
27. Bxg6 Be1 28. g4 Bxd2 29. Bd3 Bxc3 30. Rh6+ Ke5 31. g5 Bd2 32. Rh5 b5 33. g6+
Kf6 34. Rf5+ Kg7 35. Rf7+ Kg8 36. Rxa7 Bc3 37. h4 Bd4 38. c4 Bxa7 39. cxb5 cxb5
40. Bxb5 Kg7 41. Bd3 Bf2 42. h5 Kh6 43. Kg2 Bd4 44. Kh2 Kxh5 45. a4 Kh6 46. Kg3
Kg7 47. Kf4 Bg1 48. a5 Bc5 49. Ke5 Ba7 50. Kd5 Be3 51. Kc6 Ba7 52. Kb7 Bf2 53.
a6 Be3 54. a7 Bxa7 55. Kxa7 Kf6 56. Kb7 Kg7 57. Kc7 Kf6 58. Kd7 Kg7 59. Ke7 Kg8
60. Kf6 Kh8 61. g7+ Kg8 62. Bc4+ Kh7 63. Kf7 Kh6 64. g8=Q Kh5 65. Qg3 Kh6 66.
Qg6# {MenceEline est échec et mat} 1-0

[Event "Tournament 14459 - Europe Echecs"]
[Site "Europe Echecs"]
[Date "2020.07.07"]
[Round "7"]
[Time "17:22:51"]
[PlyCount "131"]
[White "CharrierShayan"]
[Black "BaderThomas"]
[WhiteElo "1260"]
[BlackElo "1072"]
[Mode "WEB"]
[Result "0-1"]

1. d4 d5 2. Nf3 Bf5 3. Bf4 Nc6 4. c3 Nf6 5. e3 e6 6. Bb5 Bd6 7. Ne5 Bxe5 8. Bxe5
O-O 9. Bd3 Bxd3 10. Qxd3 Nxe5 11. dxe5 Nd7 12. f4 f6 13. exf6 Qxf6 14. Nd2 c6
15. Nf3 e5 16. Ng5 e4 17. Qe2 Ne5 18. Rd1 Nd3+ 19. Rxd3 exd3 20. Qxd3 Qf5 21.
Qxf5 Rxf5 22. g4 Rff8 23. Kd2 h6 24. Ne6 Rf7 25. g5 h5 26. h4 g6 27. Kd3 b6 28.
b4 a5 29. Ra1 axb4 30. cxb4 Re7 31. Nd4 c5 32. bxc5 bxc5 33. Nb5 Ra5 34. Nc3 c4+
35. Kd4 Rd7 36. a4 Re7 37. Nxd5 Rd7 38. Kxc4 Rdxd5 39. Kb4 Ra8 40. Kc4 Rda5 41.
Kb4 Kf7 42. e4 Ke6 43. e5 Kf5 44. Ra3 Kxf4 45. e6 R5a7 46. a5 Kf5 47. Re3 Re7
48. Kb5 Rxe6 49. Rf3+ Kg4 50. Rf6 Re5+ 51. Kc6 Rexa5 52. Rf1 Kxh4 53. Kd7 Kxg5
54. Ke6 Kh6 55. Kf7 h4 56. Ke6 g5 57. Rc1 Kh5 58. Rg1 h3 59. Kf7 g4 60. Kf6 Kh4
61. Ke6 h2 62. Rh1 g3 63. Kd6 Kh3 64. Kc6 g2 65. Rxh2+ Kxh2 {CharrierShayan a abandonné} 0-1

[Event "Tournament 14459 - Europe Echecs"]
[Site "Europe Echecs"]
[Date "2020.07.07"]
[Round "7"]
[Time "17:22:51"]
[PlyCount "129"]
[White "TurcuDavid"]
[Black "BennaniJoachim"]
[WhiteElo "1056"]
[BlackElo "1226"]
[Mode "WEB"]
[Result "0-1"]

1. e4 e5 2. Nf3 Nc6 3. Bc4 Bc5 4. O-O Nf6 5. Nxe5 Nxe5 6. d4 Bxd4 7. Qxd4 Nc6 8.
Qd3 O-O 9. Re1 d6 10. Be3 Ne5 11. Qd1 Nxc4 12. Bg5 h6 13. Bh4 Bg4 14. f3 Be6 15.
b3 Ne5 16. f4 Ned7 17. e5 dxe5 18. fxe5 Nxe5 19. Qxd8 Raxd8 20. Rxe5 Rd1+ 21.
Re1 Rxe1+ 22. Bxe1 Rd8 23. Nc3 Kf8 24. Bg3 c6 25. Bf2 b6 26. h3 Ke7 27. a4 Rd2
28. a5 Rxc2 29. Be1 Bxb3 30. axb6 axb6 31. Ra6 Kd6 32. Rxb6 Nd5 33. Nb5+ Kc5 34.
Nd4 Kxb6 35. Nxc2 Bxc2 36. Kf2 Nb4 37. Ke2 Nd3 38. Kd2 Nxe1 39. Kxe1 Kc5 40. Kd2
Bg6 41. Kc3 Kd5 42. Kb4 Ke4 43. Kc5 Ke3 44. Kxc6 Kf2 45. Kd7 Kxg2 46. Ke7 Kxh3
47. Kf8 f6 48. Kxg7 f5 49. Kxg6 f4 50. Kxh6 f3 51. Kg5 f2 52. Kf4 f1=Q+ 53. Ke4
Qf2 54. Kd3 Qe1 55. Kc2 Qe3 56. Kb2 Qd3 57. Kc1 Qe2 58. Kb1 Qd2 59. Ka1 Kg3 60.
Kb1 Kf3 61. Ka1 Ke3 62. Kb1 Kd3 63. Ka1 Kc3 64. Kb1 Qb2# {TurcuDavid est échec et mat} 0-1

[Event "Tournament 14459 - Europe Echecs"]
[Site "Europe Echecs"]
[Date "2020.07.07"]
[Round "7"]
[Time "17:22:51"]
[PlyCount "40"]
[White "TavaresRibeiro"]
[Black "BriandEdouard"]
[WhiteElo "1225"]
[BlackElo "1038"]
[Mode "WEB"]
[Result "1-0"]

1. c4 e5 2. Nc3 Nf6 3. Nf3 Nc6 4. g3 Bc5 5. Bg2 O-O 6. O-O Re8 7. b3 e4 8. Ne1
Bd4 9. Bb2 Bc5 10. Nc2 d6 11. e3 Bg4 12. Qc1 Bb6 13. h3 Bh5 14. Kh2 Ba5 15. Ne1
Bxc3 16. Qxc3 Be2 17. Rg1 d5 18. d3 h5 19. cxd5 Nxd5 20. Qxg7# {BriandEdouard est échec et mat} 1-0

[Event "Tournament 14459 - Europe Echecs"]
[Site "Europe Echecs"]
[Date "2020.07.07"]
[Round "7"]
[Time "17:22:51"]
[PlyCount "76"]
[White "ManvieuPaul"]
[Black "MarzolfSamuel"]
[WhiteElo "1018"]
[BlackElo "1220"]
[Mode "WEB"]
[Result "1/2-1/2"]

1. e4 e5 2. Nf3 Nc6 3. d4 exd4 4. Nxd4 Bc5 5. Be3 Qf6 6. c3 Nge7 7. Bc4 O-O 8.
O-O d6 9. a3 a6 10. b4 Ba7 11. Qd2 h6 12. Rd1 Be6 13. Nxe6 fxe6 14. a4 Bxe3 15.
Qxe3 Ne5 16. Bb3 Ng4 17. Qg3 Qxf2+ 18. Qxf2 Nxf2 19. Re1 Nd3 20. Rd1 Nf2 21. Re1
Rf6 22. Na3 Nd3 23. Red1 Ne5 24. Nc2 N7c6 25. Rf1 Raf8 26. Ne3 Rxf1+ 27. Rxf1
Rxf1+ 28. Kxf1 Kf7 29. Ke2 Kf6 30. g3 b5 31. a5 h5 32. h3 g5 33. g4 hxg4 34.
hxg4 Ng6 35. Kf3 Nge5+ 36. Ke2 Ng6 37. Kf3 Nge5+ 38. Ke2 {Nulle par répétition} 1/2-1/2

[Event "Tournament 14459 - Europe Echecs"]
[Site "Europe Echecs"]
[Date "2020.07.07"]
[Round "7"]
[Time "17:22:51"]
[PlyCount "92"]
[White "BernardiNicola"]
[Black "YvonGregoire"]
[WhiteElo "799"]
[BlackElo "1210"]
[Mode "WEB"]
[Result "1/2-1/2"]

1. e4 e5 2. Bc4 Bc5 3. Nf3 Nc6 4. d3 Nf6 5. Ng5 O-O 6. Nxf7 Qe7 7. Nxe5+ Kh8 8.
Nxc6 bxc6 9. Bg5 Bb4+ 10. c3 Bc5 11. d4 Bd6 12. e5 Bxe5 13. Bxf6 Qxf6 14. Qe2
Bd6 15. O-O Qf4 16. g3 Qg5 17. Nd2 Qf5 18. Qe4 Qh3 19. d5 c5 20. Nf3 Bb7 21. Be2
Rf7 22. Rad1 Raf8 23. Qh4 Qxh4 24. Nxh4 c6 25. dxc6 Bxc6 26. Bc4 Rf6 27. a3 Ba4
28. b3 Bc6 29. b4 cxb4 30. cxb4 Bf3 31. Nxf3 Rxf3 32. Rxd6 Rxa3 33. Rxd7 Ra4 34.
Rfd1 h6 35. Be2 Rxb4 36. Rxa7 Rb2 37. Bh5 Rfxf2 38. Re1 Rg2+ 39. Kh1 Rxh2+ 40.
Kg1 Rbg2+ 41. Kf1 Rf2+ 42. Kg1 Rhg2+ 43. Kh1 Rh2+ 44. Kg1 Rfg2+ 45. Kf1 Rf2+ 46.
Kg1 {Nulle par répétition} 1/2-1/2